| 000 | 00389nam a22001337a 4500 | ||
|---|---|---|---|
| 005 | 20260424144304.0 | ||
| 008 | 260424b |||||||| |||| 00| 0 eng d | ||
| 020 | _a9788174761200 | ||
| 050 |
_aPR2807 _b.A2 BHA |
||
| 100 | _aBhatia Praveen | ||
| 245 |
_aWilliam Shakespeare: _bHamlet/ _cPraveen Bhatia |
||
| 260 |
_aNew Delhi _bUBS Publishers' Distributors Pvt. Ltd. _c2011 |
||
| 942 |
_2lcc _cBK _n0 |
||
| 999 |
_c9639 _d9639 |
||